| 000 | 01048naa a22002657a 4500 | ||
|---|---|---|---|
| 001 | BR8102888 | ||
| 003 | BR-BrBNA | ||
| 005 | 20250716171006.0 | ||
| 007 | ta | ||
| 008 | 250630b bl.|||m| |||| 00| 0 por d | ||
| 040 |
_aBR-BrBNA _bpor _cBiblioteca Nacional de Agricultura |
||
| 041 | _a(Pt) | ||
| 072 |
_aH20 _b1160 _b4100 _bG514 |
||
| 090 | _aH20 BR8102888 | ||
| 100 | 1 | _aFernandes, E.R. | |
| 245 | 1 | _aLevantamento de doencas do cajueiro realizado na Serra do Mel - Mossoro - RN, durante o ano de 1980 ate abril de 1981 [Anacardium occidentale; Rio Grande do Norte; Brasil] | |
| 500 | _aLevantamento fitossanitario dos cajueiros da Serra do Mel Mossoro, RN (Brasil): 1981. p. 3-12 (BR8102888-AMS) | ||
| 773 | 0 |
_tLevantamento fitossanitario dos cajueiros da Serra do Mel _wH20 BR8102888 _gMossoro, RN (Brasil), 1981. p. 3-12 |
|
| 650 | _aDoenca de planta | ||
| 650 | _aCaju | ||
| 650 | _aRio Grande do Norte | ||
| 490 |
_aColecao Mossoroense. Serie B (Brazil) _vno. 373 |
||
| 942 |
_cAMS _2AGRIS |
||
| 909 |
_a202506 _bLúcia _c55 _dLúcia Elande |
||
| 999 |
_c333714 _d333714 |
||